LEADER 01234nam a2200277 i 4500 001 000000168303 003 CaOOAMICUS 005 20080107000000.0 008 080107s2007 gw u000 u ger u 013 $a145705 020 $a978-3-451-02224-1 040 $aSeMil$bita 245 10$aGottesrede in Postsäkularer Kultur /$cunter Mitwirkung von Margit Eckholt ... [et al.] ; hrsg. von Peter Walter. 260 $aFreiburg ; Basel ; Wien :$bHerder,$c2007. 300 $a221 p. ;$c22 cm. 490 0 $aQuaestiones disputatae ;$v224 650 4$aSecolarizzazione.$0(OLS)http://semarc/subject/8660 700 1 $aWalter, Peter <1950- >.$0(OLS)http://semarc/name/9207 700 1 $aEckholt, Margit,$d<1960- >.$0(OLS)http://semarc/name/63211 830 0$aQuaestiones disputatae ;$v224.$0(OLS)http://semarc/title/436628 850 $aSeMil 852 $aSeMil$W1$xVenegono$y1$m2M I 576$j119390$B119390$CSeMilBibl$Z2$F130259 $81 961 $aSottoscrizione: Herder 996 $6020$a978-3-451-02224-1$9(OLS)http://semarc/number/155058 996 $6245$aGottesrede in Postsäkularer Kultur$9(OLS)http://semarc/title/240794 996 $6260$aFreiburg ; Basel ; Wien :$bHerder$9(OLS)http://semarc/publisher/29643 LEADER 01163nam a2200277 i 4500 001 000000060495 003 CaOOAMICUS 005 20201026132344.0 008 090519s1997 it u000 u ita u 013 $a31667 020 $a88-10-50819-X 040 $aSeMil$bita 245 13$a3: Aspetti interpersonali /$ca cura di Luigi M. Rulla. 264 1$aBologna :$bEDB,$c1997. 300 $a500 p. ;$c22 cm. 650 4$aVocazioni religiose.$0(OLS)http://semarc/subject/5585 700 1 $aRulla, Luigi Maria .$0(OLS)http://semarc/name/89609 773 0 $tAntropologia della vocazione cristiana.$dBologna : EDB, 1997-2001.$kPsicologia e formazione $g3$w()532 830 0$aPsicologia e formazione ;$v18.$0(OLS)http://semarc/title/398 850 $aSeMil 852 $aSeMil$W1$xVenegono$y1$m2NA B 18$j244663$B26648$CSeMilBibl$Z2$F26651 $81 961 $aAcquisto: Glossa (Libreria) 996 $6020$a88-10-50819-X$9(OLS)http://semarc/number/36576 996 $6245$a3: Aspetti interpersonali$9(OLS)http://semarc/title/94826 996 $6264$aBologna :$bEDB$9(OLS)http://semarc/publisher/29669